| 000 | 00790cam a22002657a 4500 | ||
|---|---|---|---|
| 005 | 20220329141214.0 | ||
| 008 | 971010s1960 r 00010 d | ||
| 010 | _a64352 | ||
| 011 | _a65324 | ||
| 035 | _a71889 | ||
| 082 |
_a636.213 _bD53y |
||
| 100 | 0 | 0 |
_aDiggins, Ronald V. _932570 |
| 245 | 0 | _aVacas, leche y sus derivados | |
| 260 |
_aMéxico : _bCECSA, _c1960 |
||
| 300 |
_a406 P. _b: IL. |
||
| 590 |
_aBATCH-UPD _b10 _c20130110 _lUCH01 _h0317 |
||
| 590 |
_aBATCH-UPD _b10 _c20130110 _lUCH01 _h1601 |
||
| 590 |
_aCONVERSION _b10 _c20130109 _lUCH01 _h1335 |
||
| 650 | 1 | 4 |
_aGanado lechero. _945237 |
| 650 | 1 | 4 |
_aIndustria lechera. _957819 |
| 650 | 1 | 4 |
_aLeche. _965357 |
| 700 | 0 |
_aBundy, Clarence E. _916074 |
|
| 901 | _aBK | ||
| 949 |
_a636.213 D53y _bZ _cLIBRO _d-4567 _eLIBRO _h002 _i71889 _si |
||
| 999 |
_c64352 _d64352 |
||